| 000 | 01095nam a22002897a 4500 | ||
|---|---|---|---|
| 001 | 8219 | ||
| 003 | FISKH | ||
| 005 | 20250903102717.0 | ||
| 008 | 250903b cb ||||| |||| 00| 0 eng d | ||
| 020 | _a9789995088811 | ||
| 040 |
_aFISKH _beng _cFISKH _dFISKH823.92 LCC PZ8.F457 L |
||
| 050 | _aPZ8.F457 L | ||
| 082 | _a823.92 | ||
| 100 | _aSotheary, Kimsun | ||
| 245 |
_aសៀវភៅ កខ : _bABC Animals / _cនិពន្ធដោយ អ្នកស្រី គឹមស៊ុន សុធារី ; វិចិត្រកររូបភាពដោយ សេង វិសុទ្ធ |
||
| 260 |
_aPhnom Penh : _bReading Books, _c2007. |
||
| 300 |
_a32 pages : _bcolor illustrations ; _c26 cm |
||
| 505 | _aF | ||
| 520 | _aស្គាល់ឈ្មោះសត្វជាភាសាខ្មែរនិងអង់គ្លេស | ||
| 520 | _aLearn animals name in languages. | ||
| 521 | 8 |
_a300
_bLexile estimate |
|
| 521 | 8 |
_aF
_bRaz-Plus |
|
| 650 | _aឈ្មោះសត្វ | ||
| 650 | _aAnimal name | ||
| 942 |
_2ddc _cKHB _n0 |
||
| 999 |
_c8219 _d8219 |
||